Statistiche per Elenca la formazione - Quiz n°14

Clicka qui per fare il quiz!

Statistiche generali

  • Questo quiz è stato fatto 43 volte
  • Il punteggio medio è 9 su 11

Statistiche sulle risposte

RuoloNazioneCalciatore% Corretto
DifensoreGreciaKōstas Manōlas
100%
AttaccanteEgittoMohamed Salah
97%
CentrocampistaBosnia ed ErzegovinaMiralem Pjanić
95%
PortierePoloniaWojciech Szczęsny
92%
DifensoreGermaniaAntonio Rüdiger
86%
CentrocampistaBelgioRadja Nainggolan
86%
DifensoreItaliaAlessandro Florenzi
84%
CentrocampistaMaliSeydou Keita
68%
AttaccanteItaliaStaphan El Shaarawy
59%
AttaccanteArgentinaDiego Perotti
54%
DifensoreFranciaLucas Digne
54%

Distribuzione punteggi

Percentile per numero di risposta

Percentuale di utenti per punteggio

I tuoi punteggi nel tempo

Non hai fatto questo quiz